000 00780nam a2200241 i 4500
001 C2-0301165
003 PPAK
005 20180728082528.0
008 091206s2009 my |||| ||||| | eng d
040 _aPPAK
_beng
_cPPAK
_erda
082 0 4 _a332.1091767
_223
090 0 0 _a332.1091767
_bPRI
_dR
245 0 4 _aThe Principles And Practices Of Shariah In Islamic Finance :
_bShariah Parameter Reference 1 MURABAHAH
264 1 _a[Kuala Lumpur] :
_bBank Negara Malaysia ,
_c2009
300 _aiv, 37 pages ;
_c21 cm
336 _2rdacontent
_atext
337 _2rdamedia
_aunmediated
338 _2rdacarrier
_avolume
490 1 _aShariah Parameter Reference 1: Murabahah
650 1 0 _aIslamic finance
830 0 _aShariah Parameter Reference 1: Murabahah
942 _ddc
_cB
999 _c104975
_d104975